书目信息 |
| 题名: |
随机模型概论
|
|
| 作者: | 品斯基 , 卡尔林 著 | |
| 分册: | ||
| 出版信息: | 北京 机械工业出版社 2013.01 |
|
| 页数: | 14,563页 | |
| 开本: | 21cm | |
| 丛书名: | ||
| 单 册: | ||
| 中图分类: | O226 | |
| 科图分类: | ||
| 主题词: | 数学模型 , 随机过程 , 随机过程--数学模型--教材--英文 | |
| 电子资源: | ||
| ISBN: | 978-7-111-41231-1 | |
| 000 | 01002nam0 2200349 450 | |
| 001 | 0100140844 | |
| 005 | 20141020221727.0 | |
| 010 | @a978-7-111-41231-1@dCNY69.00 | |
| 100 | @a20130506e2013 em y0chiy50 ea | |
| 101 | 0 | @aeng@gchi |
| 101 | 11 | @achi |
| 102 | @aCN@b110000 | |
| 105 | @ay z 001yy | |
| 106 | @ar | |
| 200 | 1 | @a随机模型概论@Asui ji mo xing gai lun@b专著@dAn introduction to stochastic modeling@e英文版@f品斯基,卡尔林著@zeng |
| 205 | @a影印版 | |
| 210 | @a北京@c机械工业出版社@d2013.01 | |
| 215 | @a14,563页@d21cm | |
| 300 | @a华章数学原版精品系列 | |
| 305 | @a由Elsevier(Singapore)Pte Ltd.授权出版 据原书第4版影印 | |
| 510 | 1 | @aAn introduction to stochastic modeling |
| 517 | 1 | @a英文版 |
| 540 | @a随机模型概论 | |
| 606 | 0 | @a数学模型 |
| 606 | 0 | @a随机过程 |
| 606 | 0 | @a随机过程@x数学模型@j教材@j英文 |
| 690 | @aO226@v5 | |
| 701 | 0 | @a品斯基@4著 |
| 701 | 1 | @a卡尔林@4著 |
| 801 | @aCN | |
| 901 | @a001 | |
| 905 | @b1104307-9@dO226@eP704@f3@a241430 | |
| 随机模型概论=An introduction to stochastic modeling:英文版/品斯基,卡尔林著.-影印版.-北京:机械工业出版社,2013.01 |
| 14,563页;21cm |
| 华章数学原版精品系列 |
| ISBN 978-7-111-41231-1:CNY69.00 |
| ● |
| 相关链接 |
|
|
|
正题名:随机模型概论
索取号:O226/P704
 
预约/预借
| 序号 | 登录号 | 条形码 | 馆藏地/架位号 | 状态 | 备注 |
| 1 | 1104307 | 211043075 | 自科库401/401自科库 48排5列1层/ [索取号:O226/P704] | 在馆 | |
| 2 | 1104308 | 211043084 | 自科库401/401自科库 48排5列1层/ [索取号:O226/P704] | 在馆 | |
| 3 | 1104309 | 211043093 | 自科库401/401自科库 48排5列1层/ [索取号:O226/P704] | 在馆 |